00326 a2200109 4500001001000000005001700010008004100027245004600068100001800114773006700132999001700199ART_4633920260410161808.0260409a 10a¿Se podría haber concursado Al Capone?1 aVaiser, Lidia0 tDoctrina Societaria y Concursalg- N°366 (mayo 2018)wREV4298 c21235d21235